000 00671nam a2200217Ii 4500
003 JO-AjNU
008 230606s9999||||xx |||||||||||||| ||und||
020 _a978-1-5443-8141-1
040 _aJO-AjNU
_beng
_erda
_cJO-AjNU
041 _aeng
050 1 4 _aLB2806.D485 2020
100 3 _aDewitt,Peter M,
_eauthor
_96302
245 0 0 _aInstructional LEADERSHIP: Creating practice out of theory
250 _a1th ed
264 3 1 _aCalifornia: Corwin, 2020
300 _a142p
_bIncludes bibliographical references
336 _atext
_btxt
_2rdacontent
337 _aunmediated
_bn
_2rdamedia
338 _avolume
_bnc
_2rdacarrier
650 4 _aInstructional LEADERSHIP
_96303
999 _aE3269
_c3265
_d3265